All NFL players who made a field goal in 2010s - Statistics

General Stats
  • This quiz has been taken 48 times
    40 since last reset
  • The average score is 21 of 91
Answer Stats
Team(s) Answer Made fgs % Correct
Colts Adam Vinatieri 261
97%
Ravens Justin Tucker 265
97%
Patriots Steven Gostkowski 271
91%
Packers Mason Crosby 244
74%
Broncos/Lions Matt Prater 244
74%
Rams Greg Zuerlein 201
69%
Bears/49ers Robbie Gould 247
66%
Falcons Matt Bryant 252
54%
Broncos Brandon McManus 141
49%
Steelers Chris Boswell 127
49%
Redskins/Panthers Graham Gano 220
49%
Raiders/Seahawks Sebastian Janikowski 207
49%
Vikings/Seahawks Blair Walsh 154
46%
Chiefs Harrison Butker 96
46%
Broncos/Seahawks/Bills Steve Hauschka 254
46%
Chargers/Falcons Younghoe Koo 26
46%
Cowboys/Vikings Dan Bailey 234
43%
Jets/Buccaneers/Patriots Nick Folk 195
40%
Eagles/Browns/Dolphins/Bears/Titans Cody Parkey 102
37%
Jaguars/Jets/Seahawks Jason Myers 120
37%
Rams/Bengals/Giants Josh Brown 153
37%
Chargers/Cowboys Kris Brown 4
37%
Dolphins Jason Sanders 41
34%
Buccaneers Matt Gay 27
34%
Chiefs/Titans Ryan Succop 211
34%
Eagles Jake Elliott 74
31%
Saints Will Lutz 119
31%
Eagles/49ers David Akers 124
29%
Chiefs/Bears/Buccaneers/Rams/Titans Cairo Santos 108
23%
Bills/Redskins Dustin Hopkins 124
23%
Saints/Browns/Steelers Garret Hartley 63
23%
Steelers Jeff Reed 24
23%
Texans Ka'imi Fairbairn 77
23%
Bengals/Raiders/Cowboys/Bears/Patriots Mike Nugent 179
23%
Browns/49ers/Cardinals Phil Dawson 212
23%
Titans Rob Bironas 103
23%
Buccaneers Roberto Aguayo 22
23%
Cowboys Brett Maher 49
20%
Steelers Shaun Suisham 124
20%
Patriots/Texans/Saints/Falcons Shayne Graham 81
20%
Giants Aldrick Rosas 50
17%
Ravens/Redskins Billy Cundiff 104
17%
Dolphins/Bills Dan Carpenter 191
17%
Vikings/Raiders Daniel Carlson 36
17%
Bears Eddy Pineiro 23
17%
Panthers Joey Slye 25
17%
Rams Johnny Hekker 1
17%
Chargers/Jaguars Josh Lambo 123
17%
Chargers Michael Badgley 28
17%
Texans/Jets/Giants/Steelers/Bengals Randy Bullock 147
17%
Chargers/Dolphins Nate Kaeding 31
14%
Seahawks/Panthers/Bears Olindo Mare 53
14%
Browns/Cardinals Zane Gonzalez 55
14%
Chargers/49ers/Colts Chase McLaughlin 18
11%
Lions Jason Hanson 68
11%
Jaguars/Steelers Josh Scobee 119
11%
Chargers Ty Long 7
11%
Eagles/Lions Alex Henery 75
9%
Cardinals/Jets/Buccaneers/Panthers Chandler Catanzaro 119
9%
Browns/Titans Greg Joseph 17
9%
Cardinals/Bears Jay Feely 101
9%
49ers Joe Nedney 11
9%
Redskins/Saints/Vikings/Jaguars/Patriots/Cowboys Kai Forbath 131
9%
Giants/Buccaneers Lawrence Tynes 71
9%
Texans Neil Rackers 59
9%
Chargers/Texans Nick Novak 163
9%
Vikings Ryan Longwell 39
9%
Dolphins/Eagles/Chargers Caleb Sturgis 94
6%
Buccaners/Broncos/Bears Connor Barth 144
6%
Raiders/Falcons Giorgio Tavecchio 21
6%
Saints John Carney 5
6%
Panthers/Saints John Kasay 53
6%
Dolphins Andrew Franks 29
3%
Browns Austin Seibert 25
3%
Lions/Bills Dave Rayner 23
3%
Cowboys David Buehler 24
3%
Chargers/Panthers Mike Scifres 1
3%
Buccaneers/Browns Patrick Murray 40
3%
Bills/Buccaneers Rian Lindell 73
3%
Browns/Chargers Travis Coons 35
3%
Bengals Aaron Pettrey 2
0%
Bengals Clint Stitser 7
0%
Redskins John Potter 3
0%
Panthers Justin Medlock 7
0%
Buccaneers Kyle Brindza 6
0%
Raiders/Steelers Matt McCrane 8
0%
Lions Nate Freese 3
0%
Redskins/Chargers Nick Rose 11
0%
Rams/Jets Sam Ficken 22
0%
49ers Shane Andrus 2
0%
Saints/Rams Zach Hocker 10
0%
No matching quizzes found
Score Distribution
Percent of People with Each Score
Percentile by Number Answered
Your Score History
You have not taken this quiz since the last reset